000
00283nam a2200133Ia 4500
100
_a
Seippel/Robert G
942
_c
BK
654
_a
transducer
245
_a
Transducer interfacing
260
_b
Prentice Hall
_c
1988
082
_a
629.8
_b
SEI
300
_a
264
546
_a
ENGLISH
999
_c
19101
_d
19101